Fundamentos de estadística para administración y economía (Registro nro. 1290)

Detalles MARC
000 -LEADER
fixed length control field 01495 a2200241 4500
001 - CONTROL NUMBER
control field 25139
005 - DATE AND TIME OF LATEST TRANSACTION
control field 20260407155535.0
008 - FIXED-LENGTH DATA ELEMENTS--GENERAL INFORMATION
fixed length control field 260407a1979 arg spa d
003 - CONTROL NUMBER IDENTIFIER
control field AR-UNSa-BCEJYS
040 ## - CATALOGING SOURCE
Original cataloging agency AR-UNSa-BCEJYS
Language of cataloging spa
Transcribing agency AR-UNSa-BCEJYS
080 ## - UNIVERSAL DECIMAL CLASSIFICATION NUMBER
Universal Decimal Classification number 519.2
Common auxiliary subdivision Probabilidades y estadística matemática<br/>
020 ## - INTERNATIONAL STANDARD BOOK NUMBER
International Standard Book Number 968-18-0737-5
100 1# - MAIN ENTRY--PERSONAL NAME
Personal name Wonnacott, Thomas H.
245 10 - TITLE STATEMENT
Title Fundamentos de estadística para administración y economía
264 #1 - PRODUCTION, PUBLICATION, DISTRIBUTION, MANUFACTURE, AND COPYRIGHT NOTICE
Place of production, publication, distribution, manufacture México :
Name of producer, publisher, distributor, manufacturer Limusa
Date of production, publication, distribution, manufacture, or copyright notice 1979
300 ## - PHYSICAL DESCRIPTION
Extent 623 p.
Dimensions 23 cm.
505 ## - FORMATTED CONTENTS NOTE
Formatted contents note Parte I : Estadística básica : 1. Introducción - 2.Estadística descriptiva para muestras - 3. Probabilidad - 4. Variables aleatorias y sus distribuciones - 5. Dos variables aleatorias - 6. Muestreo - 7. Estimación I - 8. Estimación II - 9. Contraste de hipótesis - 10. Análisis de variancia - 11. Introducción a la regresión - 12. Teoría de la regresión - 13. Regresión múltiple - 14. Correlación - 15. Teoría bayesiana de la decisión - 16. Estadística no paramétrica - 17. Pruebas ji cuadrado - 18. Estimación por el método de máxima verosimilitud (MLE)- 19. Análisis de series cronoloógicas - 20. Ecuaciones simultáneas - 21. Extensiones de la regresión - 21. Extensiones de la regresión - 22. Diseños de muestra - 23. Números índice - 24. Teoría de juegos.
590 ## - LOCAL NOTE (RLIN)
Local note niveau_biblio:m niveau_hierar:0
700 1# - ADDED ENTRY--PERSONAL NAME
Personal name Wonnacott, Ronald J.
700 1# - ADDED ENTRY--PERSONAL NAME
Personal name Horenstein, Norma
700 1# - ADDED ENTRY--PERSONAL NAME
Personal name Zomer Rezler, Clara
942 ## - ADDED ENTRY ELEMENTS (KOHA)
Koha item type
Existencias
Withdrawn status Lost status Damaged status Not for loan Home library Current library Shelving location Date acquired Total checkouts Full call number Barcode Date last seen Price effective from Koha item type
        Biblioteca Prof. Eusebio Cleto del Rey Biblioteca Prof. Eusebio Cleto del Rey   07/04/2026   519.24 W837 L39556 07/04/2026 07/04/2026 Libro
        Biblioteca Prof. Eusebio Cleto del Rey Biblioteca Prof. Eusebio Cleto del Rey   07/04/2026   519.24 W837 L39557 07/04/2026 07/04/2026 Libro
        Biblioteca Prof. Eusebio Cleto del Rey Biblioteca Prof. Eusebio Cleto del Rey   07/04/2026   519.24 W837 L39558 07/04/2026 07/04/2026 Libro